[Event "Cto. Autonómico por Equipos 2007"]
[Site "Aragón"]
[Date "2007.03.03"]
[Round "6.8"]
[White "Glaria Murillo Christian"]
[Black "Palacios Latasa Elias"]
[Result "0-1"]
[WhiteElo "2202"]
[BlackElo "2195"]

1.e4 d5 2.exd5 Nf6 3.d4 Nxd5 4.Nf3 g6 5.c4 Nb6 6.Nc3 Bg7 7.Be3 O-O 8.Be2 Bg4
9.Ne5 Bxe2 10.Qxe2 N8d7 11.Nf3 e5 12.d5 Qe7 13.O-O a5 14.Rac1 Nc5 15.Nd2 f5
16.Bxc5 Qxc5 17.Nb3 Qe7 18.c5 Nd7 19.Qc4 Kh8 20.a4 e4 21.Nb5 Ne5 22.Qe2 Nd3
23.Rc2 Rad8 24.d6 cxd6 25.cxd6 Qh4 26.g3 Qh3 27.f4 b6 28.Rd1 Nxf4 29.Qf1 Qxf1+
30.Rxf1 Nd3 31.Rc6 Bxb2 32.Rxb6 e3 33.N3d4 Rfe8 34.Ne2 Re4 35.Rd1 Nc5 36.Rc6
Nd7 37.Nbc3 Bxc3 38.Rxc3 g5 39.Rf1 Re5 40.Rfc1 Kg7 41.Rc7 Kf6 42.Rf1 Ke6 43.
Rc6 Rb8 44.Rd1 Rb2 45.Re1 Kd5 46.Ra6 Nc5 47.Rd1+ Rd2 48.Rxd2+ exd2 49.Nc3+ Kc4
50.Nd1 Nxa6 0-1

[Event "Cto. Autonómico por Equipos 2007"]
[Site "Aragón"]
[Date "2007.03.03"]
[Round "6.9"]
[White "Llorente Zaro Alfonso"]
[Black "Colas Longares Rafael P"]
[Result "1-0"]
[WhiteElo "2353"]
[BlackElo "2346"]

1.d4 d5 2.c4 Nc6 3.Nc3 dxc4 4.d5 Ne5 5.Qd4 Ng6 6.Qxc4 a6 7.Qb3 Rb8 8.e4 b5 9.
Nf3 e5 10.a4 b4 11.Bc4 Bd6 12.Ne2 Nf6 13.Qd3 O-O 14.Bg5 Ra8 15.h4 Re8 16.h5
Nf8 17.Ng3 h6 18.Bd2 N8d7 19.Nh4 Nb6 20.Bb3 a5 21.Ngf5 Kh8 22.Qe3 Nh7 23.Rh3
Ng5 24.Rg3 Rg8 25.Nf3 f6 26.N5h4 Nd7 27.Rc1 Nf8 28.Bc4 Qe8 29.Bb5 Qxh5 30.Bc6
Nxf3+ 31.Nxf3 Qh1+ 32.Ke2 Ba6+ 33.Bb5 Qh5 34.Bxa6 Rxa6 35.Rh3 Qg4 36.Rch1 Nh7
37.Qd3 Raa8 38.Rg3 Qd7 39.Nh4 Ng5 40.Bxg5 fxg5 41.Nf5 Bf8 42.b3 c6 43.Rxg5 Rd8
44.Qg3 Qf7 45.Qxe5 Kh7 46.Qe6 Qxe6 47.dxe6 Re8 48.e7 Bxe7 49.Nxe7 Rxe7 50.f3
Rd8 51.Rxa5 Red7 52.Rc5 Rd3 53.Rxc6 Rxb3 54.Rhc1 Ra8 55.R6c2 Rxa4 56.Kf2 Rd3
57.Rb2 Rda3 58.Rc4 Kg6 59.Rcxb4 Rxb4 60.Rxb4 Ra2+ 61.Kg3 Kf6 62.Rb6+ Kf7 63.
Kh3 Rf2 64.Rb3 Re2 65.g3 Kf6 66.Kg4 Re1 67.Rb6+ Kf7 68.Kf5 Re3 69.Rb7+ Kg8 70.
Kg6 Rxf3 71.Rb8+ Rf8 72.Rxf8+ Kxf8 73.g4 1-0

[Event "Cto. Autonómico por Equipos 2007"]
[Site "Aragón"]
[Date "2007.03.03"]
[Round "6.11"]
[White "Mimbela Lopez Miguel Angel"]
[Black "Garcia Vicente Nieves"]
[Result "1/2-1/2"]
[WhiteElo "2232"]
[BlackElo "2207"]

1.e4 e5 2.Bc4 Nf6 3.d3 Nc6 4.Nc3 Bb4 5.Ne2 d5 6.exd5 Nxd5 7.O-O Be6 8.Ne4 Be7
9.N2g3 O-O 10.Qh5 Nf4 11.Bxf4 exf4 12.Ne2 f3 13.Qxf3 Ne5 14.Qf4 Nxc4 15.dxc4
Bxc4 16.Rfd1 Qc8 17.Nd4 Be6 18.Re1 Bd7 19.Rad1 c5 20.Nf3 Bc6 21.Ng3 Bf6 22.c3
Qb8 23.Qf5 Bxf3 24.gxf3 Qc8 25.Qf4 Qc6 26.Rd6 Bg5 27.Qe5 Qe8 28.Rd5 Qxe5 29.
Rdxe5 Bd2 30.Rd1 Bf4 31.Rxc5 g6 32.Ne2 b6 33.Rc6 Be5 34.f4 Bg7 35.Rd7 Rfe8 36.
Kf1 Re4 37.Rcc7 Rae8 38.Rxf7 Bf8 39.Nd4 Re1+ 40.Kg2 Be7 41.Nf3 Re2 42.Ng5 h6
43.f5 gxf5 44.Rxf5 Bxg5 45.Rxa7 Rxb2 46.Rff7 Ree2 47.Rg7+ 1/2-1/2

[Event "Cto. Autonómico por Equipos 2007"]
[Site "Aragón"]
[Date "2007.03.03"]
[Round "6.12"]
[White "Cabrera Moreno Daniel"]
[Black "Gomez Luesia Jesus"]
[Result "1/2-1/2"]
[WhiteElo "2170"]
[BlackElo "2181"]

1.e4 c6 2.Nc3 d5 3.Nf3 Bg4 4.h3 Bxf3 5.Qxf3 e6 6.g3 Nf6 7.d3 Be7 8.Bg2 O-O 9.
O-O Nbd7 10.Qe2 d4 11.Nb1 b5 12.Nd2 Qb6 13.f4 c5 14.b3 Rac8 15.Kh1 Rfe8 16.a4
a6 17.g4 Nf8 18.g5 N6d7 19.h4 f5 20.gxf6 Bxf6 21.Qg4 e5 22.axb5 axb5 23.Nf3 c4
24.bxc4 bxc4 25.fxe5 Nxe5 26.Nxe5 Bxe5 27.Rf5 Rc6 28.Ba3 Nd7 29.Raf1 cxd3 30.
cxd3 Rg6 31.Rg5 Qd8 32.Bh3 Nf6 33.Qf5 Qa8 34.Rxg6 hxg6 35.Qxg6 Qc6 36.Rg1 Qc7
37.Bf5 Qb7 38.h5 Ra8 39.Be6+ Kh8 40.Bf7 Nxe4 41.Qxe4 Qxe4+ 42.dxe4 Rxa3
1/2-1/2

[Event "Cto. Autonómico por Equipos 2007"]
[Site "Aragón"]
[Date "2007.03.03"]
[Round "6.13"]
[White "Hefty Hilardo Jorge Walter"]
[Black "Saldano Horacio"]
[Result "1/2-1/2"]
[WhiteElo "2337"]
[BlackElo "2422"]

1.d4 Nf6 2.c4 g6 3.Nc3 Bg7 4.e4 d6 5.Be2 O-O 6.Nf3 e5 7.O-O Na6 8.d5 Nc5 9.Qc2
a5 10.Bg5 h6 11.Be3 b6 12.Nd2 Bg4 13.f3 Bd7 14.b3 Nh5 15.Rfe1 Bf6 16.Bf1 Bg5
17.Bf2 f5 18.exf5 gxf5 19.a3 Rf7 20.Rab1 Rg7 21.b4 Nb7 22.Nb5 Rc8 23.Na7 Ra8
24.Nb5 Rc8 25.Na7 Ra8 26.Nb5 Bh4 27.Bxh4 Qxh4 28.Nxc7 Qd4+ 29.Kh1 Ng3+ 30.hxg3
Rg5 31.g4 fxg4 32.g3 Rh5+ 33.Kg2 gxf3+ 34.Nxf3 Bh3+ 35.Kh2 Bf5+ 36.Kg2 Bh3+
37.Kh2 Bf5+ 38.Kg2 Bh3+ 1/2-1/2

[Event "Cto. Autonómico por Equipos 2007"]
[Site "Aragón"]
[Date "2007.03.03"]
[Round "6.14"]
[White "Martin Catalan Juan Vicente"]
[Black "Munoz Munoz Juan Carlos"]
[Result "0-1"]
[WhiteElo "2106"]
[BlackElo "2149"]

1.d4 g6 2.Nf3 Bg7 3.Bf4 d6 4.e3 Nf6 5.h3 O-O 6.Be2 Nbd7 7.O-O b6 8.a4 a5 9.c4
Ne4 10.Nfd2 Nxd2 11.Qxd2 Bb7 12.Nc3 e5 13.Bh2 Qg5 14.Bg4 exd4 15.Bf4 dxc3 16.
Bxg5 cxd2 17.Bxd7 Bxb2 18.Ra2 Bc1 19.Bf6 Be4 20.Bb2 Bd3 21.Rxc1 dxc1=Q+ 22.
Bxc1 Bxc4 23.Rc2 Rad8 24.Bc6 Bb3 25.Rc3 Be6 26.e4 f6 27.Be3 Rf7 28.h4 h5 29.
Bd4 Kg7 30.f4 Kh7 31.Kf2 d5 32.e5 fxe5 33.Bxe5 d4 34.Rd3 Bc4 35.Rd2 d3 36.Ke3
Bb3 37.g4 hxg4 38.Be4 Be6 39.h5 Kg8 40.hxg6 Rf5 41.Bxf5 Bxf5 42.Rh2 Kf8 43.
Bxc7 Re8+ 44.Be5 Bxg6 45.Rh8+ Kf7 46.Rxe8 Kxe8 47.Bd4 b5 48.axb5 Kd7 49.Kd2 g3
50.Ke3 g2 51.Kd2 a4 0-1

[Event "Cto. Autonómico por Equipos 2007"]
[Site "Aragón"]
[Date "2007.03.03"]
[Round "6.15"]
[White "Fernando Gros Jorge Luis"]
[Black "Barcena Francisco"]
[Result "1-0"]
[WhiteElo "2084"]
[BlackElo "1991"]

1.d4 Nf6 2.c4 c5 3.d5 d6 4.Nc3 e5 5.e4 Be7 6.g3 Na6 7.Bg2 Nc7 8.a4 a6 9.Nge2
Bd7 10.a5 Rb8 11.O-O O-O 12.f4 exf4 13.gxf4 Nfe8 14.e5 g6 15.Ng3 Ng7 16.Nce4
Nce8 17.Be3 Qc8 18.Qd2 h5 19.Qc3 h4 20.exd6 Bxd6 21.Nxd6 Nxd6 22.Ne4 Nxe4 23.
Bxe4 Bh3 24.Rf2 Qg4+ 25.Kh1 Qc8 26.Rg1 Bf5 27.Bf3 Qc7 28.Qf6 Rfe8 29.Bd2 h3
30.Bc3 1-0

[Event "Cto. Autonómico por Equipos 2007"]
[Site "Aragón"]
[Date "2007.03.03"]
[Round "6.16"]
[White "Gil David"]
[Black "Martinez Crespo Juan"]
[Result "1/2-1/2"]
[WhiteElo "1954"]
[BlackElo "1888"]

1.Nf3 Nf6 2.g3 d5 3.Bg2 Nbd7 4.O-O e6 5.d3 Bd6 6.Nbd2 O-O 7.e4 c6 8.Qe2 dxe4
9.dxe4 e5 10.Rd1 Qe7 11.Nc4 Bc7 12.Nh4 Nb6 13.Ne3 g6 14.h3 Be6 15.a4 Rad8 16.
Rxd8 Rxd8 17.a5 Nbd7 18.Nc4 Qc5 19.Ne3 Qd4 20.Ng4 Nxg4 21.hxg4 Nc5 22.Bf3 Bc4
23.Qe3 Qxe3 24.Bxe3 b6 25.axb6 axb6 26.Bxc5 bxc5 27.Rd1 Rxd1+ 28.Bxd1 Be6 29.
g5 c4 30.Kf1 Bd8 1/2-1/2

[Event "Cto. Autonómico por Equipos 2007"]
[Site "Aragón"]
[Date "2006.03.03"]
[Round "6.19"]
[White "Gutierrez Minguenza Ruben"]
[Black "Fandino Roquelina"]
[Result "0-1"]
[WhiteElo "2080"]
[BlackElo "2104"]

1.d4 Nf6 2.c4 d6 3.Nf3 Nbd7 4.Nc3 c6 5.e4 e5 6.Be2 Be7 7.O-O O-O 8.Qc2 Qc7 9.
Be3 Ng4 10.Bd2 a5 11.h3 Ngf6 12.Be3 Re8 13.d5 Bf8 14.b3 g6 15.a3 Bg7 16.Rfc1
Nh5 17.Ne1 Nf4 18.Bf1 Nf6 19.Rab1 Qe7 20.b4 axb4 21.axb4 cxd5 22.Nxd5 N6xd5
23.cxd5 Qf6 24.Ra1 Rxa1 25.Rxa1 Qe7 26.Ra8 Bd7 27.Ra7 Bc8 28.Ra8 Bd7 29.Rxe8+
Bxe8 30.Qc8 Bf8 31.Bb6 Qd7 32.Qb8 Kg7 33.b5 f5 34.f3 Bf7 35.Bc7 Nxd5 36.exd5
Bxd5 37.Qd8 Qxd8 38.Bxd8 Kf7 39.Bb6 Ke6 40.Kf2 Bb3 41.Ke3 d5 42.Bc7 d4+ 43.Kf2
Kd5 44.Bd3 e4 45.fxe4+ fxe4 46.Bb1 Bc4 47.b6 d3 48.Bf4 0-1

[Event "Cto. Autonómico por Equipos 2007"]
[Site "Aragón"]
[Date "2006.03.03"]
[Round "6.20"]
[White "Maza Broto Pablo"]
[Black "Palomar Ramon Santiago"]
[Result "1-0"]
[WhiteElo "1981"]
[BlackElo "2004"]

1.e4 e5 2.Nf3 Nc6 3.Bb5 Nf6 4.d3 Bc5 5.O-O Nd4 6.Nxd4 Bxd4 7.c3 Bb6 8.Bg5 h6
9.Bh4 c6 10.Bc4 d6 11.Kh1 g5 12.Bg3 Qe7 13.Na3 Be6 14.Bxe6 fxe6 15.Nc4 Bc7 16.
Qe2 h5 17.h4 gxh4 18.Bxh4 d5 19.Nxe5 Bxe5 20.f4 Qg7 21.fxe5 Ng4 22.Bf6 Nxf6
23.exf6 Qg4 24.Qe3 Kf7 25.exd5 cxd5 26.Rae1 Rhg8 27.Re2 Rad8 28.Qe5 Rc8 29.Rf4
Rg5 30.Qe3 Qg3 31.Qxe6+ Kg6 32.f7+ Kh7 33.f8=Q 1-0

[Event "Cto. Autonómico por Equipos 2007"]
[Site "Aragón"]
[Date "2006.03.03"]
[Round "6.17"]
[White "Cebrian Valverde Jose Antonio"]
[Black "Garza Marco Sergio"]
[Result "0-1"]
[WhiteElo "2205"]
[BlackElo "2380"]

1.Nf3 c5 2.e4 e6 3.d3 Nc6 4.g3 g6 5.Bg2 Bg7 6.O-O Nge7 7.c3 e5 8.Nbd2 d6 9.a4
O-O 10.Nc4 h6 11.Be3 Be6 12.Nfd2 b6 13.f4 exf4 14.gxf4 d5 15.exd5 Bxd5 16.Ne4
Nf5 17.Bf2 Kh8 18.Qg4 Qc7 19.Rae1 Rad8 20.Re2 Rd7 21.Rfe1 Qd8 22.Qh3 Bxc4 23.
dxc4 Na5 24.Ng5 Kg8 25.Ne6 fxe6 26.Rxe6 Nxc4 27.Rxg6 Rd1 28.Bf1 Rxe1 29.Bxe1
Nce3 30.Be2 Qe8 31.Bh5 Qxa4 32.Bd2 Qa1+ 33.Kf2 Qxb2 34.Ke1 Qb1+ 35.Kf2 Qc2 36.
Ke1 Re8 37.Rxg7+ Kxg7 38.Bxe8 Qd1+ 39.Kf2 Qxd2+ 40.Kf3 Qd1+ 41.Kf2 Ng4+ 42.Kg2
Qe2+ 43.Kg1 Qe1+ 44.Kg2 Nh4+ 0-1

[Event "Cto. Autonómico por Equipos 2007"]
[Site "Aragón"]
[Date "2006.03.03"]
[Round "6.18"]
[White "Fontana Sotomayour Luis Javier"]
[Black "Gimeno Oteo Marco Antonio"]
[Result "1-0"]
[WhiteElo "2320"]
[BlackElo "2156"]

1.Nc3 Nf6 2.e4 e5 3.g3 d5 4.exd5 Nxd5 5.Bg2 Nxc3 6.bxc3 Bc5 7.Nf3 Nc6 8.O-O
O-O 9.d3 Rb8 10.a4 Bg4 11.Qe1 Qf6 12.Ng5 Qg6 13.h3 Be7 14.Nxf7 Bxh3 15.Bxh3
Qxf7 16.Qe4 Bd6 17.Be3 a6 18.Rab1 Kh8 19.Bg2 Nd8 20.c4 Ne6 21.a5 c6 22.c3 Rbe8
23.Qg4 Re7 24.d4 Nd8 25.dxe5 Rxe5 26.Rbd1 Bc5 27.Rd7 Qf6 28.Bf4 Ree8 29.Qg5
Be7 30.Qh5 Rf7 31.Re1 Ne6 32.Be4 Nf8 33.Rxb7 Kg8 34.Kg2 Ng6 35.Be3 Qxc3 36.Rh1
Bh4 37.Rxh4 Nxh4+ 38.gxh4 g6 39.Bxg6 hxg6 40.Qxg6+ Rg7 41.Rxg7+ Qxg7 42.Qxg7+
Kxg7 43.Kf3 Kg6 44.Ke2 Re4 45.Kd3 Rxh4 46.Kc3 Kf6 47.Kb4 Rh5 48.Bd4+ Ke6 49.f4
Rf5 50.Be5 Kd7 {TIEMPO} 1-0

[Event "Cto. Autonómico por Equipos 2007"]
[Site "Aragón"]
[Date "2007.03.03"]
[Round "6.21"]
[White "Ramiro Ovejero Juan Luis"]
[Black "Millan Martin Alfonso"]
[Result "1-0"]
[WhiteElo "2299"]
[BlackElo "2127"]

1.e4 c6 2.d4 d5 3.Nd2 dxe4 4.Nxe4 Bf5 5.Nc5 e5 6.Nxb7 Qe7 7.Na5 exd4+ 8.Be2
Qb4+ 9.Qd2 Bxc2 10.Bf3 Kd7 11.Ne2 d3 12.Nf4 Nf6 13.O-O Qxd2 14.Bxd2 Bd6 15.b4
g5 16.Nh5 Nd5 17.b5 Bb4 18.Nf6+ Nxf6 19.Bxb4 g4 20.bxc6+ Ke6 21.Rfe1+ Kf5 22.
Bd1 Rc8 23.Nc4 Rxc6 24.Ne3+ Kg5 25.Nxg4 $2 Nxg4 26.Bxg4 $4 (26.Bf3) (26.Bd2+
Kf5 27.Bf3) 26...Rc4 $2 (26...Kxg4) 27.Bf3 Rxb4 28.Bxa8 d2 29.Rf1 d1=Q (29...
Rd4) 30.Rfxd1 Bxd1 31.Rxd1 {Tiempo} 1-0

[Event "Cto. Autonómico por Equipos 2007"]
[Site "Aragón"]
[Date "2007.03.03"]
[Round "6.22"]
[White "Forcen Esteban Daniel"]
[Black "Cerrajeria Ruiz Jesus Maria"]
[Result "1/2-1/2"]
[WhiteElo "2083"]
[BlackElo "2207"]

1.e4 g6 2.f4 Nf6 3.Nc3 d5 4.e5 d4 5.exf6 dxc3 6.dxc3 Qxd1+ 7.Kxd1 exf6 8.Be3
Bg7 9.Kd2 O-O 10.Re1 b6 11.Be2 Bb7 12.Bf3 Nc6 13.Ne2 Rad8+ 14.Kc1 Ba8 15.g4
Rfe8 16.Nd4 Nxd4 17.Bxa8 Nxc2 18.Kxc2 Rxa8 19.f5 Re4 20.h3 Rae8 21.Bf2 Kf8 22.
Kd3 gxf5 23.gxf5 Rf4 24.Rxe8+ Kxe8 25.Re1+ Kd7 26.Be3 Rxf5 27.Rg1 Bf8 28.Rg8
Bd6 29.h4 Rf3 30.Ke2 Rf5 31.Kd3 Rh5 32.Bf2 f5 33.b4 f4 34.Ke4 Re5+ 35.Kf3 Rd5
36.Ke4 Rd2 37.Bd4 c5 38.bxc5 bxc5 39.Bh8 Re2+ 40.Kf3 Re3+ 41.Kf2 Be7 42.Rg4
Re4 43.Kf3 Ra4 44.h5 h6 45.Rxf4 Rxa2 46.Rxf7 Ra1 47.Rh7 Rf1+ 48.Ke2 Rf8 49.
Rxh6 Re8 50.Kd3 Bg5 51.Rh7+ Kc6 52.Kc4 Re4+ 53.Kb3 a5 54.Ra7 Kb6 55.Rg7 a4+
56.Ka2 Re2+ 57.Ka3 Be7 58.Kxa4 c4 59.Rg6+ Bd6 60.Bd4+ Kc6 61.Rxd6+ Kxd6 62.h6
Rh2 63.Bg7 Kc5 64.Bf8+ Kd5 65.Kb5 Rb2+ 66.Ka5 Rh2 67.Kb6 Ke4 68.Bg7 Kd3
1/2-1/2

[Event "Cto. Autonómico por Equipos 2007"]
[Site "Aragón"]
[Date "2007.03.03"]
[Round "2.3"]
[White "Alonso Fernandez Revuelta Rodri"]
[Black "Martinez Cebolla Alberto"]
[Result "1-0"]
[WhiteElo "2184"]
[BlackElo "2021"]

1.e4 e5 2.Nf3 Nc6 3.Bb5 Nf6 4.O-O Bc5 5.c3 O-O 6.d4 Bb6 7.Bg5 h6 8.Bh4 d6 9.
dxe5 dxe5 10.Qxd8 Rxd8 11.Nbd2 g5 12.Bg3 g4 13.Nxe5 Rxd2 14.Nxc6 bxc6 15.Bxc6
Rb8 16.a4 a5 17.Rad1 Rxd1 18.Rxd1 Bb7 19.Bxb7 Rxb7 20.Rd8+ Kh7 21.e5 Ne4 22.
Rd7 Kg6 23.Kf1 Nxg3+ 24.hxg3 Rb8 25.f4 Re8 26.b4 Ra8 27.b5 Re8 28.c4 f6 29.c5
Bxc5 30.Rxc7 Bd4 31.Rc6 Rf8 32.b6 Kf5 33.b7 Rb8 34.Rxf6+ Ke4 35.Rf7 Ba7 36.e6
Re8 37.e7 Kd5 38.f5 Kd6 39.f6 Ke6 40.Rf8 Kd7 41.Ke2 Bb8 42.Rxe8 Kxe8 43.Ke3
Bxg3 44.Ke4 Kf7 45.Kf5 h5 46.Kg5 Bb8 47.Kxh5 g3 48.Kg5 Bc7 49.Kf5 Bb8 50.Ke4
Ke8 51.Kd5 Kd7 52.Kc5 Bc7 53.Kb5 Ke8 54.Ka6 Bb8 55.Kxa5 1-0

[Event "Cto. Autonómico por Equipos 2007"]
[Site "Aragón"]
[Date "2007.03.03"]
[Round "6.24"]
[White "Antolin Concha Diego"]
[Black "Montes Santos Lorenzo"]
[Result "1-0"]
[WhiteElo "1954"]
[BlackElo "2053"]

1.e4 g6 2.Nc3 Bg7 3.d4 c6 4.f4 d5 5.e5 h5 6.Nf3 Bg4 7.Be3 e6 8.h3 Bxf3 9.Qxf3
Ne7 10.Bd3 Nd7 11.Ne2 Qb6 12.b3 O-O-O 13.O-O Nf5 14.Bf2 Rdg8 15.c4 Bf8 16.Rfb1
Qd8 17.b4 Nh4 18.Qe3 Nf5 19.Qc1 dxc4 20.Be4 g5 21.b5 c5 22.Qxc4 gxf4 23.dxc5
Nxe5 24.Bxb7+ Kxb7 25.c6+ Kc8 26.Qa4 Rxg2+ 27.Kxg2 Qd5+ 28.Kf1 Rg8 29.Qa6+ Kd8
30.Rd1 Nd3 31.c7+ Ke7 32.Qa3+ Kf6 33.Qc3+ e5 34.Rxd3 Qh1+ 35.Ng1 Qg2+ 36.Ke1
Qe4+ 37.Kd1 Bb4 38.Qc6+ Qxc6 39.bxc6 Rc8 40.Rd7 e4 41.Bxa7 e3 42.Ke2 Rg8 43.
Rd8 Rg2+ 44.Kd3 Ne7 45.c8=Q Nxc8 46.Rxc8 Rd2+ 47.Kc4 Ba5 48.Bd4+ Kf5 49.Rf8
Ke4 50.Re8+ Kf5 51.Re5+ Kg6 52.Rxa5 1-0

[Event "Cto. Autonómico por Equipos 2007"]
[Site "Aragón"]
[Date "2007.03.03"]
[Round "6.26"]
[White "Navarro Alonso Jorge Luis"]
[Black "Gimenez Martinez Alberto"]
[Result "1-0"]
[WhiteElo "2113"]
[BlackElo "2066"]

1.f4 e5 2.fxe5 d6 3.Nf3 dxe5 4.e4 Nf6 5.Bc4 Nc6 6.O-O Bc5+ 7.Kh1 O-O 8.d3 Bg4
9.Bg5 h6 10.Bh4 Qd6 11.Nbd2 Bxf3 12.Rxf3 Nd4 13.Rxf6 gxf6 14.Qh5 Kg7 15.Rf1 f5
16.exf5 Nxf5 17.Qxf5 1-0

[Event "Cto. Autonómico por Equipos 2007"]
[Site "Aragón"]
[Date "2007.03.03"]
[Round "6.27"]
[White "Labena Bernal Antonio"]
[Black "Garcia Fernandez Javier"]
[Result "1/2-1/2"]
[WhiteElo "2037"]
[BlackElo "2095"]

1.e4 c5 2.c3 g6 3.d4 cxd4 4.cxd4 d5 5.exd5 Nf6 6.d6 Qxd6 7.Nc3 a6 8.Nf3 Bg7 9.
Be2 O-O 10.O-O b5 11.Ne5 Bb7 12.Bf4 Qb6 13.a4 Nd5 14.Bg3 Rd8 15.axb5 axb5 16.
Rxa8 Bxa8 17.Nxb5 Nc6 18.Nf3 e5 19.Bh4 Rb8 20.Bg3 Rd8 21.Bh4 Rb8 22.Bg3 Rd8
23.Bh4 1/2-1/2

[Event "Cto. Autonómico por Equipos 2007"]
[Site "Aragón"]
[Date "2007.03.03"]
[Round "6.28"]
[White "Ainsa Ignacio"]
[Black "Moreno Gracia David"]
[Result "1-0"]
[WhiteElo "1950"]
[BlackElo "1965"]

1.c4 Nf6 2.Nf3 g6 3.g3 Bg7 4.Bg2 O-O 5.O-O d6 6.Nc3 e5 7.d3 c6 8.Qc2 Bg4 9.h3
Bf5 10.e4 Be6 11.Re1 Qc7 12.Bd2 Nbd7 13.Rac1 Rac8 14.d4 exd4 15.Nxd4 Bxc4 16.
b3 Ba6 17.Be3 Qa5 18.Nf3 d5 19.e5 Ne8 20.Bd2 Qd8 21.Na4 b6 22.e6 fxe6 23.Rxe6
Bb7 24.Bc3 c5 25.Bxg7 Nxg7 26.Re2 Ba6 27.Rd2 d4 28.Nb2 Qf6 29.a4 Rce8 30.Nc4
Bb7 31.Ne1 Bxg2 32.Nxg2 Re6 33.Nf4 Ree8 34.Re2 Rxe2 35.Qxe2 Re8 36.Qd2 Ne5 37.
Nxe5 Qxe5 38.Nd3 Qe2 39.Rd1 Qxd2 40.Rxd2 Nf5 41.Kf1 Kf7 42.Nb2 Nd6 43.Nc4 Nxc4
44.bxc4 Re5 45.Rd3 Rf5 46.Ke2 Ke6 47.Ra3 Ke5 48.f3 Kd6 49.Rb3 Rh5 50.h4 g5 51.
hxg5 Rxg5 52.Kf2 Rf5 53.Rb1 Rh5 54.Kg2 Re5 55.Kf2 Re3 56.Rh1 Ra3 57.Rxh7 Ra2+
58.Ke1 Rxa4 59.Rh6+ Ke5 60.f4+ Ke4 61.Re6+ Kf5 62.Re5+ Kf6 63.g4 Rxc4 64.g5+
Kf7 65.f5 Rc3 66.Kf2 Rh3 67.g6+ Kf6 68.Re6+ Kg7 69.Re7+ Kf8 70.f6 Rh6 71.g7+
1-0

[Event "Cto. Autonómico por Equipos 2007"]
[Site "Aragón"]
[Date "2007.03.03"]
[Round "6.29"]
[White "Ferrer Echavarri Francisco Javier"]
[Black "Hernando Garcia Antonio"]
[Result "0-1"]
[WhiteElo "2023"]
[BlackElo "2209"]

1.c4 Nf6 2.Nc3 e6 3.d4 d5 4.Bg5 Be7 5.e3 O-O 6.Nf3 Nbd7 7.Rc1 c6 8.Bd3 dxc4 9.
Bxc4 Nd5 10.Bxe7 Qxe7 11.Ne4 N5f6 12.Nxf6+ Qxf6 13.O-O e5 14.e4 exd4 15.Qxd4
Qxd4 16.Nxd4 Ne5 17.Bb3 Rd8 18.Rcd1 Bd7 19.Ne2 Be6 20.Bxe6 fxe6 21.b3 Kf7 22.
h3 Ke7 23.f4 Ng6 24.g3 Rxd1 25.Rxd1 Rd8 26.Rxd8 Kxd8 27.Nd4 Kd7 28.e5 Ne7 29.
Kf2 c5 30.Nb5 a6 31.Nd6 Kc6 32.Ne8 g6 33.Nf6 h5 34.Ne8 b5 35.Ke2 Nd5 36.Kd3
Nb4+ 37.Ke4 Nxa2 38.g4 hxg4 39.hxg4 Nc3+ 40.Kf3 a5 41.Nd6 Kd5 42.Ke3 b4 43.Kd3
a4 44.bxa4 Nxa4 45.Nc4 Kc6 46.f5 exf5 47.gxf5 gxf5 48.e6 Nc3 49.Ne5+ Kd6 50.
Nd7 Ne4 51.Nf8 Ke7 52.Ng6+ Kxe6 53.Kc4 Kf6 54.Nf4 Ke5 55.Nd3+ Kd6 56.Nf4 Kc6
57.Ne6 Nd6+ 0-1

[Event "Cto. Autonómico por Equipos 2007"]
[Site "Aragón"]
[Date "2007.03.03"]
[Round "6.30"]
[White "Chueca Forcen Alberto"]
[Black "Navarro Sancho Rafael"]
[Result "1/2-1/2"]
[WhiteElo "2110"]
[BlackElo "1961"]

1.d4 Nf6 2.c4 g6 3.Nc3 Bg7 4.e4 d6 5.f4 e5 6.fxe5 dxe5 7.d5 O-O 8.Nf3 Bg4 9.
Bd3 Nbd7 10.O-O Nc5 11.Bc2 a5 12.h3 Bxf3 13.Qxf3 Ne8 14.Qg3 Nd6 15.Bg5 Qd7 16.
b3 f5 17.Qh4 f4 18.Rab1 Rae8 19.a3 Na6 20.b4 axb4 21.axb4 Nxc4 22.Ba4 c6 23.b5
Nc5 24.bxc6 Qc7 25.Rfc1 Nd2 26.Rb5 Nxa4 27.Nxa4 bxc6 28.dxc6 Qa7+ 29.Nc5 Nxe4
30.Kh2 Qa3 31.Nxe4 Qxc1 32.Rc5 Qe3 33.c7 Ra8 34.Bd8 Qxe4 35.c8=Q Rxc8 36.Rxc8
Qf5 37.Rc7 e4 38.Qe7 Rf7 39.Qe8+ Rf8 40.Qe7 Rf7 41.Qe8+ 1/2-1/2

[Event "Cto. Autonómico por Equipos 2007"]
[Site "Aragón"]
[Date "2007.03.03"]
[Round "6.31"]
[White "Carilla Angel"]
[Black "Sarto Ramos Angel"]
[Result "0-1"]
[WhiteElo "1840"]
[BlackElo "2092"]

1.c4 g6 2.Nc3 Bg7 3.d4 c5 4.d5 d6 5.e4 Nf6 6.Bd3 O-O 7.Nge2 e5 8.f3 a6 9.Be3
Ne8 10.Qd2 f5 11.Bg5 Bf6 12.Bxf6 Qxf6 13.Na4 Nd7 14.exf5 gxf5 15.Ng3 Ng7 16.
O-O-O Qh4 17.Rdg1 b5 18.cxb5 Qxa4 19.Qg5 Qf4+ 20.Qxf4 exf4 21.Ne2 axb5 22.Nxf4
c4 23.Bb1 Ne5 24.h4 Ng6 25.Ne2 Ne5 26.Nf4 h5 27.Rh3 Rf6 28.Rg3 Kf7 29.Rg5 Bd7
30.Rh1 Ng6 31.Nxh5 Nxh5 32.Rxh5 Rh8 33.Rxh8 Nxh8 34.h5 Rh6 35.Kd2 Kf6 36.Rh3
Ke5 37.Rh4 Kxd5 38.g4 Nf7 39.Ke3 fxg4 40.fxg4 Ke5 41.Bg6 Ng5 42.Bc2 d5 43.Bd1
d4+ 44.Kf2 Kf4 45.Kg2 b4 0-1

[Event "Cto. Autonómico por Equipos 2007"]
[Site "Aragón"]
[Date "2007.03.03"]
[Round "6.32"]
[White "Sanmartin Agustin Borja"]
[Black "Parrilla Mendez David"]
[Result "1-0"]
[WhiteElo "2082"]
[BlackElo "1664"]

1.e4 e6 2.d4 d5 3.Nc3 Ne7 4.Bg5 c6 5.Nge2 f6 6.Be3 Ng6 7.h4 Bb4 8.h5 Ne7 9.Qd3
b6 10.a3 Ba6 11.Qd2 Bd6 12.O-O-O Bb7 13.Nf4 Qd7 14.exd5 cxd5 15.g3 Nbc6 16.Bh3
f5 17.g4 g6 18.gxf5 gxf5 19.Rhg1 O-O-O 20.Rg7 Rdg8 21.Rdg1 Rxg7 22.Rxg7 Rg8
23.Rxh7 Na5 24.Qe2 Nc4 25.Kb1 Qc6 26.Bc1 e5 27.Ng6 Nxg6 28.Bxf5+ Kb8 29.hxg6
Nxa3+ 30.bxa3 Qxc3 31.Bb2 Qa5 32.dxe5 Bxa3 33.Bxa3 Qxa3 34.Qb5 Qc3 35.Rxb7+
Kxb7 36.Qxd5+ Qc6 37.Be4 Qxd5 38.Bxd5+ Kc7 39.Bxg8 1-0

[Event "Cto. Autonómico por Equipos 2007"]
[Site "Aragón"]
[Date "2007.03.03"]
[Round "6.33"]
[White "Llanes Luno Ricardo"]
[Black "Abril Avellanas Eduardo"]
[Result "1-0"]
[WhiteElo "2225"]
[BlackElo "2196"]

1.e4 e6 2.d4 d5 3.Nc3 dxe4 4.Nxe4 Nd7 5.Nf3 Ngf6 6.Bg5 Be7 7.Bxf6 Nxf6 8.Bd3
Nxe4 9.Bxe4 c5 10.c3 O-O 11.O-O Qb6 12.Qe2 cxd4 13.Nxd4 Bf6 14.Rfd1 Rd8 15.Nb5
Bd7 16.Nd6 Bc6 17.Bxh7+ Kxh7 18.Qh5+ Kg8 19.Qxf7+ 1-0

[Event "Cto. Autonómico por Equipos 2007"]
[Site "Aragón"]
[Date "2007.03.03"]
[Round "6.34"]
[White "Gella Lopez Angel"]
[Black "Roche Simon Miguel Angel"]
[Result "1-0"]
[WhiteElo "2106"]
[BlackElo "2180"]

1.d4 d5 2.c4 e6 3.Nc3 c5 4.cxd5 cxd4 5.Qa4+ Bd7 6.Qxd4 exd5 7.Nf3 Nc6 8.Qd1
Bb4 9.e3 Nf6 10.Bd2 O-O 11.Be2 Bg4 12.O-O Qe7 13.Nb5 a6 14.Nbd4 Bd6 15.Bc3
Rfd8 16.Rc1 Ne5 17.Re1 Rac8 18.Nxe5 Qxe5 19.Bxg4 Qxh2+ 20.Kf1 Rxc3 21.bxc3 Ne4
22.Bf3 g6 23.Bxe4 dxe4 24.Qg4 Qe5 25.g3 h5 26.Qh4 Re8 27.Red1 Kg7 28.Ne2 Ba3
29.Rb1 b5 30.Rd7 Qe6 31.Rbd1 Qxa2 32.Qf4 Qe6 33.Qg5 h4 34.Nf4 Qc4+ 35.Kg1 Rh8
36.Qxg6+ 1-0

[Event "Cto. Autonómico por Equipos 2007"]
[Site "Aragón"]
[Date "2007.03.03"]
[Round "6.35"]
[White "Llanes Luno Pedro Alfredo"]
[Black "Laplaza Ara Carlos"]
[Result "1-0"]
[WhiteElo "2154"]
[BlackElo "2043"]

1.e4 c6 2.Nc3 d5 3.Nf3 Bg4 4.h3 Bxf3 5.Qxf3 dxe4 6.Nxe4 e6 7.Bc4 Be7 8.Qg3 g6
9.d3 Nf6 10.O-O O-O 11.Bh6 Re8 12.Rad1 Nbd7 13.Nd6 Bxd6 14.Qxd6 Qe7 15.Qd4 Qc5
16.Qf4 Qe5 17.Qc1 Qh5 18.Rde1 Nb6 19.Bb3 Nbd5 20.Bg5 Kg7 21.Re5 Nd7 22.Bf6+
N5xf6 23.Rxh5 Nxh5 24.Qe3 Nhf6 25.g4 h6 26.f4 e5 27.f5 g5 28.Kf2 e4 29.d4 Nd5
30.Bxd5 cxd5 31.h4 f6 32.hxg5 hxg5 33.Qa3 Nb6 34.Rh1 Rac8 35.c3 a6 36.Qb4 Rc6
37.a4 a5 38.Qxa5 Nc4 39.Qb5 e3+ 40.Ke2 Re7 41.Qxd5 Rc8 42.b3 Nd2 43.Qd6 Rce8
44.Qh2 Rg8 45.Qh7+ Kf8 46.Qh6+ Kf7 47.Qh5+ Kf8 48.d5 Ne4 49.Qh6+ Kf7 50.Kxe3
Ng3+ 51.Kd4 Nxh1 52.Qh5+ Kf8 53.Qxh1 Kg7 54.d6 Rd7 55.Kd5 Rgd8 56.Qh2 Re8 57.
c4 Re5+ 58.Qxe5 fxe5 59.Kxe5 Kf7 60.b4 b6 61.Kd5 Ra7 62.Kc6 Rxa4 63.Kb5 Ra8
64.Kxb6 Rb8+ 65.Kc5 Ke8 66.b5 Kd7 67.Kd5 Rb6 68.c5 Rxb5 69.f6 Rb1 70.c6+ Kd8
71.f7 Rf1 72.Ke6 Rf2 73.c7+ Kc8 74.Ke7 1-0

[Event "Cto. Autonómico por Equipos 2007"]
[Site "Aragón"]
[Date "2007.03.03"]
[Round "6.36"]
[White "Gella Bitrian Diego"]
[Black "Neila Castillo Miguel Angel"]
[Result "0-1"]
[WhiteElo "1812"]
[BlackElo "2078"]

1.e4 d5 2.exd5 Qxd5 3.Nc3 Qa5 4.Bc4 c6 5.d3 Nf6 6.Bd2 Bf5 7.f4 Qb6 8.h3 h5 9.
Qe2 e6 10.O-O-O Nbd7 11.Nf3 O-O-O 12.Ng5 Bg6 13.Be3 Qa5 14.Bd2 Qc7 15.f5 exf5
16.Bxf7 Bxf7 17.Nxf7 Re8 18.Qf2 Rg8 19.Qxf5 g6 20.Qf2 Bc5 21.d4 Bb4 22.Bf4 Qa5
23.a3 Bxc3 24.bxc3 Qxa3+ 25.Kd2 Qxc3+ 26.Kxc3 Ne4+ 27.Kb3 Nxf2 28.Nd6+ Kd8 29.
Nxb7+ Ke7 30.Bd6+ Ke6 31.Rhe1+ Kf6 32.Rxe8 Rxe8 33.Rf1 Re2 34.Nc5 Nxc5+ 35.
Bxc5 Kg5 36.Bxa7 Ne4 37.Rg1 Re3+ 38.Kb4 Re2 39.c3 Rc2 40.Re1 Kf5 41.Rf1+ Ke6
42.g4 hxg4 43.hxg4 Kd5 44.Rf7 Rb2+ 45.Ka3 Rb5 46.Rg7 g5 47.Bc5 Kc4 48.Rg6 Nxc3
49.Bb4 Nb1+ 50.Ka2 Rxb4 51.Rxg5 Nc3+ 0-1